000 00685nam a2200205Ii 4500
003 JO-AjNU
008 230605s9999||||xx |||||||||||||| ||und||
040 _aJO-AjNU
_bara
_erda
_cJO-AjNU
041 _aara
050 1 4 _aBF455.A7.1977
100 3 _aالعشماوي،محمد سعيد,
_eauthor
_921086
245 0 0 _aرسالة الوجود
250 _aط1
264 3 1 _aبيروت-القاهرة:دار الكتاب اللبناني،دار الكتاب المصري،1977
300 _a128ص
336 _atext
_btxt
_2rdacontent
337 _aunmediated
_bn
_2rdamedia
338 _avolume
_bnc
_2rdacarrier
650 4 _aالوجود-الفكر-حقيقة الوجود
_921087
999 _aA7267
_c10835
_d10835